000 00626nam a2200217 4500
001 121519
003 ES-MaACL
005 20230906191750.0
007 t|
008 070214s1955 sp r ||||1| spa d
100 1 _aPorot, Maurice.
_993134
245 1 3 _aLa familia y el niño /
_cMaurice Porot ; traducción directa por E. Peñas de Ros.
250 _a1ª. ed.
260 _aBarcelona :
_bLuis MIracle,
_c1955.
300 _a223 p. ;
_c19 cm.
490 1 _aPadeia ;
_v12
700 1 _aPeñas de Ros, E.
_990323
830 0 _aPadeia ;
_v12
_9218749
852 _aES-MaACL
_jC-10632
_bR.37807
999 _c121519
_d121519